000 01612nab a22002657a 4500
999 _c5447
_d5447
003 OSt
005 20251023093746.0
008 190603e xxum|||| |||| 00| 0 spa d
040 _cPJ
100 _95033
_aGonzález Magaña, Ignacio
245 1 0 _aLa responsabilidad civil de los progenitores por los daños ocasionados por sus hijos durante la minoría de edad /
_cIgnacio González Magaña.
260 _cCiudad Autónoma de Buenos Aires :
_aThomson Reuters La Ley,
_b2025.
300 _ap. 12-25
500 _aCita Online: TR LALEY AR/DOC/547/2025.
505 _aSumario: I. Introducción.— II. La responsabilidad civil de los progenitores en el régimen derogado y el cambio de paradigma en el Cód. Civ. y Com.— III. Análisis de la ley vigente. El requisito de la cohabitación y su conjugación con la autonomía y capacidad progresiva en NNyA.— IV. Casos especiales.— V. Las respuestas de la jurisprudencia durante la vigencia del régimen del Cód. Civil derogado y las respuestas dadas a la luz del Cód. Civ. y Com.— VI. Palabras de cierre.
505 _t¿Te interesa el texto completo? Solicitalo al correo: koha@justierradelfuego.gov.ar
650 0 _91015
_aRESPONSABILIDAD PARENTAL
650 0 _91467
_aRESPONSABILIDAD CIVIL
650 0 _93674
_aRESPONSABILIDAD DE LOS PADRES
650 0 _93451
_aRESPONSABILIDAD OBJETIVA
650 0 _94951
_aRESPONSABILIDAD SOLIDARIA
650 0 _94103
_aPROGENITOR AFIN
773 0 _02713
_93170
_dCiudad Autónoma de Buenos Aires : Thomson Reuters La Ley, 2015-
_tRevista Código Civil y Comercial. Nº 2 - Abril 2025
942 _2udc
_cANA